| 000 | 00794cam a2200277 a 4500 | ||
|---|---|---|---|
| 003 | CHAP | ||
| 005 | 20220329142125.0 | ||
| 008 | 990824d1998 es a r 00010 spa d | ||
| 010 | _a78816 | ||
| 011 | _a79788 | ||
| 020 | _a8471147653 | ||
| 035 | _a90193 | ||
| 040 | _cCHAP | ||
| 082 | 0 | 4 |
_a636.59 _bA5Y |
| 100 | 0 | 0 |
_aAnderloni, Giorgio. _95546 |
| 245 | 1 | 3 |
_aLa cría del avestruz _c/por Giorgio Anderloni |
| 260 |
_aMadrid : _bMundi-Prensa, _c1998. |
||
| 300 |
_a178 p. . _bilus. |
||
| 590 |
_aBATCH-UPD _b10 _c20130110 _lUCH01 _h0513 |
||
| 590 |
_aCONVERSION _b10 _c20130109 _lUCH01 _h1344 |
||
| 650 | 1 | 4 |
_aAvestruz. _98693 |
| 901 | _aBK | ||
| 905 | _aBlanca M. García O. | ||
| 942 | _cLIBRO | ||
| 949 |
_a636.59 A5Y _bBC _cLIBRO _d33724000736534 _eLIBRO _gI. 198981 _h96179 _i90193 _si _t$274.00 |
||
| 999 |
_c78816 _d78816 |
||